|
|
|
|
| LEADER |
02107nem a22004452a 4500 |
| 001 |
mzk03001059571 |
| 003 |
CZ BrMZK |
| 005 |
20180509112450.0 |
| 007 |
aj|ca||| |
| 008 |
080129q15701612be i||||||a|||r|0|||latod |
| 034 |
0 |
|
|a a
|d E0112800
|e E0192300
|f N0544800
|g N0523500
|
| 040 |
|
|
|a BOA001
|b cze
|
| 043 |
|
|
|a e-gx---
|a e-pl---
|
| 072 |
|
7 |
|a 912:904
|x Staré mapy
|2 Konspekt
|9 7
|
| 080 |
|
|
|a (084.3)
|2 MRF
|
| 080 |
|
|
|a (430+438)
|2 MRF
|
| 080 |
|
|
|a 912.43:069.5
|2 MRF
|
| 100 |
1 |
|
|a Ortelius, Abraham,
|d 1527-1598
|7 jn20011211108
|4 aut
|
| 245 |
1 |
0 |
|a Pomeraniae, Wandalicae Regionis, Typ.
|h [kartografický dokument] /
|c [Abraham Ortelius] ; Autore Munstero in Cosmogr.
|
| 255 |
|
|
|a Měřítko neuvedeno. 9,5 cm = 15 něm. mil
|c (011°28´00" v.d.--019°23´00" v.d./054°48´00" s.š.--052°35´00" s.š.)
|
| 260 |
|
|
|a [Antverpy :
|b s.n. ;
|c mezi 1570 a 1612?]
|
| 300 |
|
|
|a 1 mapa :
|b mědirytina, ručně kolorovaná, podlepená papírem ;
|c 16 x 50 cm
|
| 500 |
|
|
|a Do mapy ručně vepsáno Autore Munstero in Cosmogr.
|
| 500 |
|
|
|a Podlepeno papírem o velikosti 57 x 64 cm
|
| 500 |
|
|
|a První ze tří map, které vydal na společném foliu Abbraham Ortelius ve svém Theatrum orbis terrarum. Další 2 mapy Livoniae Nova Descriptio a Ducatus Oswieczensis, et Zatoriensis Descriptio chybí. Předlohou pro tuto mapu byla mapa Peter Artopause vydaná 1550 Sebastianem Munsterem
|
| 510 |
4 |
|
|a Kuchař, K. Mapová sbírka B.P. Molla,
|c s. 418
|
| 610 |
2 |
7 |
|a Moravská zemská knihovna (Brno, Česko).
|b Mapová sbírka B.P. Molla
|7 mzk2005304487
|2 czenas
|
| 650 |
0 |
4 |
|a Mollova mapová sbírka
|
| 650 |
0 |
7 |
|a mapové sbírky
|z Česko
|7 ph182407
|2 czenas
|
| 651 |
|
7 |
|a Pomořansko (Německo a Polsko)
|7 ge130481
|2 czenas
|
| 655 |
|
7 |
|a historické mapy
|7 fd186723
|2 czenas
|
| 700 |
1 |
|
|a Münster, Sebastian,
|d 1488-1552
|7 ola2007364892
|4 aut
|
| 856 |
4 |
1 |
|u http://mapy.mzk.cz/mzk03/001/059/571/2619317314
|y Digitalizovaný dokument
|
| 903 |
|
|
|a RP
|
| 910 |
|
|
|a BOA001
|b Moll-0005.140
|
| 978 |
|
|
|b S.n.
|a Antwerpen
|c 1570-1612
|
| 984 |
|
|
|a Antverpy
|b Belgie
|
| 985 |
|
|
|a 1551-1600
|
| 990 |
|
|
|a MP
|
| 991 |
|
|
|k mzk
|